NOTEX slovak export-import 1997/98

Bibliographic Details
Format: Book
Language:Slovak
English
German
Published: Bratislava Notex 1997
Subjects:

MARC

LEADER 00000nam a2200000 a 4500
001 vtls001310270
003 SK-MaSNL
005 20260302033008.0
008 160415s1997 xo a y 0 slo
015 |a SNBF1997/04-01701 
020 |a 8088840074 
035 |a SNK000262617 
040 |a SNK  |b slo  |c SNK  |e AACR2 
041 0 |a slo  |a eng  |a ger 
044 |a xo  |c SK 
080 |a 658.11+658.64+659(437.6)(058)"1997/1998"  |2 1981 
080 |a 658.64  |2 1981 
080 |a 659  |2 1981 
080 |a 339.16.012.23  |2 1981 
080 |a 334.7  |2 1981 
245 1 |a NOTEX  |b slovak export-import 1997/98 
260 |a Bratislava  |b Notex  |c 1997 
300 |a 375 s.  |b fotogr., grafy., mp., rekl., tab.  |c 29 cm 
500 |a Súbež. text angl. a nem. 
650 0 7 |a firmy  |2 SNKPH  |9 2190 
650 0 7 |a služby  |2 SNKPH  |9 2356 
651 7 |a Slovensko  |2 SNKPHgeo 
919 |a 80-88840-07-4 
958 |a FAD 
958 |a TL 
999 |c 1059607  |d 1061537 
952 |t P60, <09>, [BOOK], {629}  |a SNK  |b SNK  |y NEVYP  |7 0  |o snkC 2347  |i snk4676/971117  |0 0  |1 0  |4 0  |d 1997-11-14  |l 0  |r 2005-01-02 00:00:00  |w 2026-02-24 
952 |t P60, <03>, [BOOK], {603}  |a SNK  |b SNK  |y PREZ  |7 0  |p 17A0103159  |o snkOSC 19384/1997/98  |i snkKSP 11392/97  |0 0  |1 0  |4 0  |d 1997-11-14  |l 0  |r 2005-01-02 00:00:00  |w 2026-02-24 
952 |t P60, <04>, [BOOK], {604}  |a SNK  |b SNK  |y VYP  |7 0  |p 17A0103158  |o snkOSC 19384/1997/98 D1  |i snkKSP 11393/97  |0 0  |1 0  |4 0  |d 1997-11-14  |l 0  |r 2005-01-02 00:00:00  |w 2026-02-24